<?xml version="1.0" encoding="UTF-8"?>
<record
    xmlns:xsi="http://www.w3.org/2001/XMLSchema-instance"
    xsi:schemaLocation="http://www.loc.gov/MARC21/slim http://www.loc.gov/standards/marcxml/schema/MARC21slim.xsd"
    xmlns="http://www.loc.gov/MARC21/slim">

  <leader>00448nam a2200157 a 4500</leader>
  <datafield tag="020" ind1=" " ind2=" ">
    <subfield code="a">0852295111</subfield>
  </datafield>
  <datafield tag="040" ind1=" " ind2=" ">
    <subfield code="c">DLC</subfield>
  </datafield>
  <datafield tag="082" ind1="0" ind2="0">
    <subfield code="a">031 ENC 1990 A120 Or.</subfield>
  </datafield>
  <datafield tag="245" ind1="0" ind2="4">
    <subfield code="a">The New Encyclopaedia Britannica.</subfield>
  </datafield>
  <datafield tag="250" ind1=" " ind2=" ">
    <subfield code="a">15th ed.</subfield>
  </datafield>
  <datafield tag="260" ind1=" " ind2=" ">
    <subfield code="a">Chicago, Ill. :</subfield>
    <subfield code="b">Encyclopaedia Britannica,</subfield>
    <subfield code="c">c1990.</subfield>
  </datafield>
  <datafield tag="300" ind1=" " ind2=" ">
    <subfield code="a">32 v. :</subfield>
    <subfield code="b">ill. (some col.) ;</subfield>
    <subfield code="c">29 cm.</subfield>
  </datafield>
  <datafield tag="650" ind1=" " ind2="0">
    <subfield code="a">Encyclopedias and dictionaries.</subfield>
  </datafield>
  <datafield tag="710" ind1="2" ind2=" ">
    <subfield code="a">Encyclopaedia Britannica, inc.</subfield>
  </datafield>
  <datafield tag="942" ind1=" " ind2=" ">
    <subfield code="c">EK</subfield>
  </datafield>
  <datafield tag="999" ind1=" " ind2=" ">
    <subfield code="c">16798</subfield>
    <subfield code="d">16798</subfield>
  </datafield>
  <datafield tag="952" ind1=" " ind2=" ">
    <subfield code="0">0</subfield>
    <subfield code="1">0</subfield>
    <subfield code="4">0</subfield>
    <subfield code="6">031_000000000000000_ENC_1990_A119_OR_V21</subfield>
    <subfield code="7">0</subfield>
    <subfield code="9">71849</subfield>
    <subfield code="a">LBA</subfield>
    <subfield code="b">LBA</subfield>
    <subfield code="c">A119</subfield>
    <subfield code="d">2018-04-30</subfield>
    <subfield code="o">031 ENC 1990 A119 Or.V21</subfield>
    <subfield code="p">A19141</subfield>
    <subfield code="r">2018-04-30</subfield>
    <subfield code="y">EK</subfield>
  </datafield>
  <datafield tag="952" ind1=" " ind2=" ">
    <subfield code="0">0</subfield>
    <subfield code="1">0</subfield>
    <subfield code="4">0</subfield>
    <subfield code="6">031_000000000000000_ENC_1990_A119_OR_V22</subfield>
    <subfield code="7">0</subfield>
    <subfield code="9">71850</subfield>
    <subfield code="a">LBA</subfield>
    <subfield code="b">LBA</subfield>
    <subfield code="c">A119</subfield>
    <subfield code="d">2018-04-30</subfield>
    <subfield code="o">031 ENC 1990 A119 Or.V22</subfield>
    <subfield code="p">A18490</subfield>
    <subfield code="r">2018-04-30</subfield>
    <subfield code="y">EK</subfield>
  </datafield>
  <datafield tag="952" ind1=" " ind2=" ">
    <subfield code="0">0</subfield>
    <subfield code="1">0</subfield>
    <subfield code="4">0</subfield>
    <subfield code="6">031_000000000000000_ENC_1990_A119_OR_V20</subfield>
    <subfield code="7">0</subfield>
    <subfield code="9">71851</subfield>
    <subfield code="a">LBA</subfield>
    <subfield code="b">LBA</subfield>
    <subfield code="c">A119</subfield>
    <subfield code="d">2018-04-30</subfield>
    <subfield code="o">031 ENC 1990 A119 Or.V20</subfield>
    <subfield code="p">A20236</subfield>
    <subfield code="r">2018-04-30</subfield>
    <subfield code="y">EK</subfield>
  </datafield>
  <datafield tag="952" ind1=" " ind2=" ">
    <subfield code="0">0</subfield>
    <subfield code="1">0</subfield>
    <subfield code="4">0</subfield>
    <subfield code="6">031_000000000000000_ENC_1990_A119_OR_V14</subfield>
    <subfield code="7">0</subfield>
    <subfield code="9">71852</subfield>
    <subfield code="a">LBA</subfield>
    <subfield code="b">LBA</subfield>
    <subfield code="c">A119</subfield>
    <subfield code="d">2018-04-30</subfield>
    <subfield code="o">031 ENC 1990 A119 Or.V14</subfield>
    <subfield code="p">A19760</subfield>
    <subfield code="r">2018-04-30</subfield>
    <subfield code="y">EK</subfield>
  </datafield>
  <datafield tag="952" ind1=" " ind2=" ">
    <subfield code="0">0</subfield>
    <subfield code="1">0</subfield>
    <subfield code="4">0</subfield>
    <subfield code="6">031_000000000000000_ENC_1990_A119_OR_V28</subfield>
    <subfield code="7">0</subfield>
    <subfield code="9">71853</subfield>
    <subfield code="a">LBA</subfield>
    <subfield code="b">LBA</subfield>
    <subfield code="c">A119</subfield>
    <subfield code="d">2018-04-30</subfield>
    <subfield code="o">031 ENC 1990 A119 Or.V28</subfield>
    <subfield code="p">A19551</subfield>
    <subfield code="r">2018-04-30</subfield>
    <subfield code="y">EK</subfield>
  </datafield>
  <datafield tag="952" ind1=" " ind2=" ">
    <subfield code="0">0</subfield>
    <subfield code="1">0</subfield>
    <subfield code="4">0</subfield>
    <subfield code="6">031_000000000000000_ENC_1990_A119_OR_V13</subfield>
    <subfield code="7">0</subfield>
    <subfield code="9">71854</subfield>
    <subfield code="a">LBA</subfield>
    <subfield code="b">LBA</subfield>
    <subfield code="c">A119</subfield>
    <subfield code="d">2018-04-30</subfield>
    <subfield code="o">031 ENC 1990 A119 Or.V13</subfield>
    <subfield code="p">A23833</subfield>
    <subfield code="r">2018-04-30</subfield>
    <subfield code="y">EK</subfield>
  </datafield>
  <datafield tag="952" ind1=" " ind2=" ">
    <subfield code="0">0</subfield>
    <subfield code="1">0</subfield>
    <subfield code="4">0</subfield>
    <subfield code="6">031_000000000000000_ENC_1990_A119_OR_V16</subfield>
    <subfield code="7">0</subfield>
    <subfield code="9">71855</subfield>
    <subfield code="a">LBA</subfield>
    <subfield code="b">LBA</subfield>
    <subfield code="c">A119</subfield>
    <subfield code="d">2018-04-30</subfield>
    <subfield code="o">031 ENC 1990 A119 Or.V16</subfield>
    <subfield code="p">A18900</subfield>
    <subfield code="r">2018-04-30</subfield>
    <subfield code="y">EK</subfield>
  </datafield>
  <datafield tag="952" ind1=" " ind2=" ">
    <subfield code="0">0</subfield>
    <subfield code="1">0</subfield>
    <subfield code="4">0</subfield>
    <subfield code="6">031_000000000000000_ENC_1990_A119_OR_V15</subfield>
    <subfield code="7">0</subfield>
    <subfield code="9">71856</subfield>
    <subfield code="a">LBA</subfield>
    <subfield code="b">LBA</subfield>
    <subfield code="c">A119</subfield>
    <subfield code="d">2018-04-30</subfield>
    <subfield code="o">031 ENC 1990 A119 Or.V15</subfield>
    <subfield code="p">A18775</subfield>
    <subfield code="r">2018-04-30</subfield>
    <subfield code="y">EK</subfield>
  </datafield>
  <datafield tag="952" ind1=" " ind2=" ">
    <subfield code="0">0</subfield>
    <subfield code="1">0</subfield>
    <subfield code="4">0</subfield>
    <subfield code="6">031_000000000000000_ENC_1990_A119_OR_V17</subfield>
    <subfield code="7">0</subfield>
    <subfield code="9">71857</subfield>
    <subfield code="a">LBA</subfield>
    <subfield code="b">LBA</subfield>
    <subfield code="c">A119</subfield>
    <subfield code="d">2018-04-30</subfield>
    <subfield code="o">031 ENC 1990 A119 Or.V17</subfield>
    <subfield code="p">A18851</subfield>
    <subfield code="r">2018-04-30</subfield>
    <subfield code="y">EK</subfield>
  </datafield>
  <datafield tag="952" ind1=" " ind2=" ">
    <subfield code="0">0</subfield>
    <subfield code="1">0</subfield>
    <subfield code="4">0</subfield>
    <subfield code="6">031_000000000000000_ENC_1990_A119_OR_V24</subfield>
    <subfield code="7">0</subfield>
    <subfield code="9">71858</subfield>
    <subfield code="a">LBA</subfield>
    <subfield code="b">LBA</subfield>
    <subfield code="c">A119</subfield>
    <subfield code="d">2018-04-30</subfield>
    <subfield code="o">031 ENC 1990 A119 Or.V24</subfield>
    <subfield code="p">A18741</subfield>
    <subfield code="r">2018-04-30</subfield>
    <subfield code="y">EK</subfield>
  </datafield>
  <datafield tag="952" ind1=" " ind2=" ">
    <subfield code="0">0</subfield>
    <subfield code="1">0</subfield>
    <subfield code="4">0</subfield>
    <subfield code="6">031_000000000000000_ENC_1990_A119_OR_V25</subfield>
    <subfield code="7">0</subfield>
    <subfield code="9">71859</subfield>
    <subfield code="a">LBA</subfield>
    <subfield code="b">LBA</subfield>
    <subfield code="c">A119</subfield>
    <subfield code="d">2018-04-30</subfield>
    <subfield code="o">031 ENC 1990 A119 Or.V25</subfield>
    <subfield code="p">A20271</subfield>
    <subfield code="r">2018-04-30</subfield>
    <subfield code="y">EK</subfield>
  </datafield>
</record>
